[Event "HUN-chT 1920"]
[Site "Hungary"]
[Date "2020.02.16"]
[Round "6.9"]
[White "Kokeny, Norbert Adrian"]
[Black "Krstulovic, Alex"]
[Result "1-0"]
[WhiteElo "2300"]
[BlackElo "2325"]
[PlyCount "109"]
[EventDate "2019.11.16"]
[EventType "team-tourn"]
[EventRounds "9"]
[EventCountry "HUN"]
[SourceTitle "CBM 195 Extra"]
[Source "ChessBase"]
[SourceDate "2020.05.31"]
[SourceVersion "1"]
[SourceVersionDate "2020.05.31"]
[SourceQuality "1"]
[WhiteTeam "Dunaharaszti"]
[BlackTeam "Paks"]
[WhiteTeamCountry "HUN"]
[BlackTeamCountry "HUN"]

1. Nf3 d5 2. d4 Nf6 3. g3 c6 4. Bg2 Bf5 5. c4 e6 6. cxd5 exd5 7. Qb3 Qb6 8. Qe3+ Be7 9. 0-0 Qd8 10. Qb3 Qb6 11. Qe3 Nbd7 12. b3 Ne4 13. Nbd2 Nxd2 14. Nxd2 Be6 15. f4 g6 16. Nf3 0-0-0 17. a4 Rhe8 18. Bd2 Bf5 19. Qc3 f6 20. b4 Kb8 21. Rfc1 Rc8 22. a5 Qd8 23. b5 c5 24. Qb3 c4 25. Qb2 Bd6 26. Bb4 Qe7 27. Bxd6+ Qxd6 28. Kf2 Re7 29. Qa3 Qe6 30. Ra2 Rce8 31. Rc3 h6 32. a6 b6 33. h3 Kc7 34. Ng1 h5 35. Qc1 Rf7 36. Ra4 Kd8 37. Bxd5 Qxd5 38. Raxc4 Re6 39. Rc8+ Ke7 40. R3c7 Rf8 41. Rxd7+ Qxd7 42. Rc7 Kd8 43. Rxd7+ Kxd7 44. Qc4 Rd6 45. Nf3 Re8 46. Nd2 Be6 47. Qd3 f5 48. Nf3 Ke7 49. Ne5 Kf6 50. g4 hxg4 51. hxg4 Rh8 52. gxf5 Bxf5 53. e4 Rh2+ 54. Kg1 Rh3 55. Nf3 1-0

[Event "HUN-chT U18"]
[Site "Budapest"]
[Date "2019.10.29"]
[Round "7.1"]
[White "Kokeny, Norbert Adrian"]
[Black "Kaloczi, Kristof"]
[Result "1-0"]
[WhiteElo "2292"]
[BlackElo "2099"]
[PlyCount "139"]
[EventDate "2019.10.26"]
[EventType "team-swiss"]
[EventRounds "7"]
[EventCountry "HUN"]
[SourceTitle "CBM 192 Extra"]
[Source "Chessbase"]
[SourceDate "2019.11.06"]
[SourceVersion "1"]
[SourceVersionDate "2019.11.06"]
[SourceQuality "1"]
[WhiteTeam "Dunaharaszti"]
[BlackTeam "Budapest MTK II"]
[WhiteTeamCountry "HUN"]
[BlackTeamCountry "HUN"]

1. Nf3 d5 2. g3 Nf6 3. Bg2 c6 4. 0-0 Bf5 5. b3 e6 6. Bb2 h6 7. d3 Be7 8. Nbd2 0-0 9. Re1 a5 10. e4 Bh7 11. e5 Nfd7 12. h4 a4 13. Nf1 Re8 14. N1h2 f5 15. exf6 Bxf6 16. Bxf6 Qxf6 17. d4 axb3 18. cxb3 c5 19. Ng4 Qf8 20. dxc5 Nc6 21. Nfe5 Ncxe5 22. Nxe5 Nxc5 23. Qd4 Ne4 24. Bxe4 dxe4 25. Qe3 Red8 26. Qe2 Rd5 27. Nc4 Rad8 28. Rad1 b5 29. Ne3 Rd3 30. Nf1 Qd6 31. Rc1 b4 32. Rc4 Ra8 33. Rec1 Rd8 34. Qe1 Rd1 35. Qxd1 Qxd1 36. Rxd1 Rxd1 37. Rxb4 e3 38. fxe3 Bd3 39. Rf4 Ra1 40. Rf2 Bxf1 41. Rxf1 Rxa2 42. Rf4 Rb2 43. b4 e5 44. Re4 Kf7 45. Rxe5 Rxb4 46. Kf2 Kf6 47. Ra5 Rb6 48. Kf3 Rc6 49. Kf4 Rb6 50. e4 g6 51. g4 Rc6 52. Rd5 Ra6 53. Rb5 Rc6 54. g5+ hxg5+ 55. hxg5+ Ke6 56. Rb7 Rc1 57. Rb6+ Kf7 58. Rd6 Rf1+ 59. Ke5 Rg1 60. Rd7+ Ke8 61. Rg7 Rxg5+ 62. Kf6 Ra5 63. e5 Kf8 64. Rb7 Ra8 65. e6 g5 66. Rf7+ Kg8 67. Rg7+ Kh8 68. e7 Ra6+ 69. Kf7 Ra7 70. Rxg5 1-0

[Event "HUN-chT U18"]
[Site "Budapest"]
[Date "2019.10.28"]
[Round "5.1"]
[White "Kokeny, Norbert Adrian"]
[Black "Palczert, Botond"]
[Result "1-0"]
[WhiteElo "2292"]
[BlackElo "2039"]
[PlyCount "51"]
[EventDate "2019.10.26"]
[EventType "team-swiss"]
[EventRounds "7"]
[EventCountry "HUN"]
[SourceTitle "CBM 192 Extra"]
[Source "Chessbase"]
[SourceDate "2019.11.06"]
[SourceVersion "1"]
[SourceVersionDate "2019.11.06"]
[SourceQuality "1"]
[WhiteTeam "Dunaharaszti"]
[BlackTeam "Barcza Gedeon"]
[WhiteTeamCountry "HUN"]
[BlackTeamCountry "HUN"]

1. Nf3 Nf6 2. g3 g6 3. Bg2 Bg7 4. 0-0 0-0 5. d4 d5 6. c4 dxc4 7. Na3 c6 8. Nxc4 Nbd7 9. a4 Nb6 10. Nce5 a5 11. b3 Be6 12. Ng5 Qc8 13. Ba3 h6 14. Nxe6 Qxe6 15. Rc1 Nbd7 16. Nd3 Rfe8 17. Re1 Qg4 18. Nf4 e5 19. Bf3 Qg5 20. h4 Qf5 21. e4 Nxe4 22. Bxe4 Qf6 23. dxe5 Nxe5 24. Qd6 Qxd6 25. Bxd6 f5 26. Bxe5 1-0

[Event "HUN-chT U18"]
[Site "Budapest"]
[Date "2019.10.27"]
[Round "3.1"]
[White "Karacsonyi, Gellert"]
[Black "Kokeny, Norbert Adrian"]
[Result "0-1"]
[WhiteElo "2301"]
[BlackElo "2292"]
[PlyCount "70"]
[EventDate "2019.10.26"]
[EventType "team-swiss"]
[EventRounds "7"]
[EventCountry "HUN"]
[SourceTitle "CBM 192 Extra"]
[Source "Chessbase"]
[SourceDate "2019.11.06"]
[SourceVersion "1"]
[SourceVersionDate "2019.11.06"]
[SourceQuality "1"]
[WhiteTeam "Penzugyor"]
[BlackTeam "Dunaharaszti"]
[WhiteTeamCountry "HUN"]
[BlackTeamCountry "HUN"]

1. e4 c5 2. Nf3 e6 3. d4 cxd4 4. Nxd4 a6 5. c4 Nf6 6. Nc3 Qc7 7. Be2 Nc6 8. 0-0 Nxd4 9. Qxd4 Bd6 10. h3 Bc5 11. Qd3 d6 12. Kh1 Bd7 13. f4 h5 14. e5 dxe5 15. Qg3 e4 16. Qxg7 Ke7 17. Qg5 Bd4 18. Nxe4 Rag8 19. Qh4 Bc6 20. Ng5 Ke8 21. Rd1 Qb6 22. Bf3 Bf2 23. Bxc6+ bxc6 24. g3 c5 25. Bd2 Qc6+ 26. Kh2 Ng4+ 27. hxg4 hxg4 28. Nh7 Bxg3+ 29. Qxg3 Rxh7+ 30. Kg1 Rgh8 31. Rf1 Rh1+ 32. Kf2 R8h2+ 33. Ke3 Rh3 34. Qxh3 Rxh3+ 35. Ke2 Rh2+ 0-1

[Event "HUN-chT U18"]
[Site "Budapest"]
[Date "2019.10.27"]
[Round "2.1"]
[White "Kokeny, Norbert Adrian"]
[Black "Borhy, Marcell Boldizsar"]
[Result "1/2-1/2"]
[WhiteElo "2292"]
[BlackElo "2321"]
[PlyCount "46"]
[EventDate "2019.10.26"]
[EventType "team-swiss"]
[EventRounds "7"]
[EventCountry "HUN"]
[SourceTitle "CBM 192 Extra"]
[Source "Chessbase"]
[SourceDate "2019.11.06"]
[SourceVersion "1"]
[SourceVersionDate "2019.11.06"]
[SourceQuality "1"]
[WhiteTeam "Dunaharaszti"]
[BlackTeam "Haladas"]
[WhiteTeamCountry "HUN"]
[BlackTeamCountry "HUN"]

1. Nf3 Nf6 2. g3 d6 3. Bg2 e5 4. d3 Be7 5. c4 c6 6. Nc3 0-0 7. 0-0 Re8 8. Bd2 Bf8 9. Rc1 a6 10. e4 Nbd7 11. Nh4 g6 12. Be3 b5 13. h3 Bb7 14. Qd2 Rc8 15. b3 d5 16. exd5 b4 17. Na4 cxd5 18. d4 e4 19. c5 a5 20. Rfe1 Nh5 21. Bf1 Bc6 22. Be2 Ng7 23. f4 f5 1/2-1/2

[Event "HUN-ch U18"]
[Site "Balatonlelle"]
[Date "2019.06.26"]
[Round "7"]
[White "Kokeny, Norbert Adrian"]
[Black "Udvardi, Zalan"]
[Result "1-0"]
[WhiteElo "2268"]
[BlackElo "2211"]
[PlyCount "83"]
[EventDate "2019.06.21"]
[EventType "swiss"]
[EventRounds "9"]
[EventCountry "HUN"]
[SourceTitle "CBM 191 Extra"]
[Source "ChessBase"]
[SourceDate "2019.09.30"]
[SourceVersion "1"]
[SourceVersionDate "2019.09.30"]
[SourceQuality "1"]

1. Nf3 c5 2. c4 Nc6 3. g3 g6 4. Bg2 Bg7 5. Nc3 e5 6. d3 Nge7 7. 0-0 d6 8. a3 0-0 9. Rb1 a5 10. Bd2 h6 11. Qa4 Be6 12. Rfc1 Qd7 13. Ne1 Bh3 14. Bh1 f5 15. Nd5 Nxd5 16. Bxd5+ Kh7 17. Qd1 a4 18. b3 axb3 19. Rxb3 f4 20. Rcb1 Ra7 21. Nf3 Bg4 22. Rb6 Bxf3 23. exf3 Rxa3 24. Rxb7 Qc8 25. Be4 Nd4 26. Kg2 Ra2 27. R1b6 Nf5 28. g4 Ne3+ 29. fxe3 fxe3 30. Rb2 Rxb2 31. Rxb2 exd2 32. Qxd2 Qd8 33. Rb7 Qf6 34. Qa5 Rf7 35. Rb6 Bf8 36. Bd5 Rc7 37. Rb8 Rf7 38. Bxf7 Qxf7 39. Qd8 Kg7 40. Rc8 Qf4 41. Rc7+ Kg8 42. Qd7 1-0

[Event "HUN-ch U18"]
[Site "Balatonlelle"]
[Date "2019.06.24"]
[Round "5"]
[White "Bohus, Adam"]
[Black "Kokeny, Norbert Adrian"]
[Result "0-1"]
[WhiteElo "2196"]
[BlackElo "2268"]
[PlyCount "73"]
[EventDate "2019.06.21"]
[EventType "swiss"]
[EventRounds "9"]
[EventCountry "HUN"]
[SourceTitle "CBM 191 Extra"]
[Source "ChessBase"]
[SourceDate "2019.09.30"]
[SourceVersion "1"]
[SourceVersionDate "2019.09.30"]
[SourceQuality "1"]

1. e4 c5 2. Nf3 Nc6 3. d4 cxd4 4. Nxd4 Qb6 5. Nb3 Nf6 6. Nc3 e6 7. Bg5 Be7 8. Qd2 a6 9. f4 d6 10. 0-0-0 Qc7 11. Be2 b5 12. Bxf6 gxf6 13. f5 b4 14. Na4 e5 15. c4 Bd7 16. Kb1 a5 17. c5 dxc5 18. Qd5 Rd8 19. Naxc5 Bxf5 20. Qc4 Bc8 21. Qb5 0-0 22. Rd3 Rxd3 23. Qxd3 Rd8 24. Qg3+ Kh8 25. Rc1 Qa7 26. Bh5 a4 27. Nxa4 Qxa4 28. Bxf7 Bb7 29. Qh4 Kg7 30. Bd5 Ra8 31. Qg4+ Kh8 32. Nc5 Bxc5 33. Rxc5 b3 34. Bxb3 Qb4 35. Rc3 Na5 36. Bc2 Nc4 37. Rb3 0-1

[Event "HUN-chT2 Maroczy 1819"]
[Site "Hungary"]
[Date "2018.10.28"]
[Round "3.7"]
[White "Kokeny, Norbert Adrian"]
[Black "Roos, Jean Luc"]
[Result "1-0"]
[WhiteElo "2256"]
[BlackElo "2255"]
[PlyCount "99"]
[EventDate "2018.09.23"]
[EventType "team-tourn"]
[EventRounds "11"]
[EventCountry "HUN"]
[SourceTitle "EXT 2020"]
[Source "ChessBase"]
[SourceDate "2019.10.17"]
[SourceVersion "1"]
[SourceVersionDate "2019.10.17"]
[SourceQuality "1"]
[WhiteTeam "Dunaharaszti II"]
[BlackTeam "Budapest MTK"]
[WhiteTeamCountry "HUN"]
[BlackTeamCountry "HUN"]

1. Nf3 c5 2. c4 g6 3. g3 Bg7 4. Bg2 Nc6 5. Nc3 d6 6. d3 e5 7. Rb1 Nge7 8. a3 a5 9. Bd2 0-0 10. 0-0 Rb8 11. Qa4 Bg4 12. h3 Be6 13. Rfc1 h6 14. e4 f5 15. Nd5 fxe4 16. dxe4 Bd7 17. Qd1 Nxd5 18. cxd5 Nd4 19. Nxd4 cxd4 20. b4 a4 21. b5 Ra8 22. Rc4 Qf6 23. Be1 Rfc8 24. Rxa4 Rab8 25. Ra7 Qd8 26. b6 Bf8 27. a4 Qe8 28. Bf1 h5 29. a5 Ba4 30. Qd2 Bc2 31. Bb5 Qd8 32. Rb4 Bxe4 33. Bd3 Bxd5 34. Bxg6 h4 35. Bf5 Rc5 36. Qd3 Qf6 37. Bd2 Bh6 38. Bxh6 Qxh6 39. Be4 Bxe4 40. Qxe4 hxg3 41. f4 Kh8 42. Kg2 Qh5 43. a6 Rbc8 44. Rb2 Qd1 45. Rxb7 Qh5 46. a7 d3 47. Qxd3 Rc3 48. Qh7+ Qxh7 49. Rxh7+ Kxh7 50. b7 1-0

[Event "HUN-chT U18"]
[Site "Zalakaros"]
[Date "2018.07.29"]
[Round "7.5"]
[White "Kokeny, Norbert Adrian"]
[Black "Vanczak, Tamas"]
[Result "1/2-1/2"]
[WhiteElo "2250"]
[BlackElo "2304"]
[PlyCount "102"]
[EventDate "2018.07.26"]
[EventType "team-swiss"]
[EventRounds "7"]
[EventCountry "HUN"]
[SourceTitle "CBM 185 Extra"]
[Source "ChessBase"]
[SourceDate "2018.07.29"]
[SourceVersion "1"]
[SourceVersionDate "2018.07.29"]
[SourceQuality "1"]
[WhiteTeam "Dunaharaszti"]
[BlackTeam "Miskolc KisBocsok"]
[WhiteTeamCountry "HUN"]
[BlackTeamCountry "HUN"]

1. Nf3 c5 2. c4 Nf6 3. g3 b6 4. Bg2 Bb7 5. 0-0 e6 6. Nc3 Be7 7. b3 0-0 8. Bb2 d6 9. e3 Nbd7 10. Qe2 Re8 11. Rfd1 a6 12. d4 cxd4 13. Nxd4 Bxg2 14. Kxg2 Qc7 15. Rac1 Rac8 16. Nc2 Bf8 17. f4 Nc5 18. Qf3 Qb8 19. Nb4 b5 20. cxb5 axb5 21. e4 Qa8 22. e5 dxe5 23. fxe5 Ng4 24. Re1 Nxb3 25. axb3 Bxb4 26. Qxa8 Rxa8 27. Re4 Bxc3 28. Rxc3 f5 29. exf6 Nxf6 30. Re2 Ra2 31. Rc7 Rd8 32. Rxg7+ Kxg7 33. Bxf6+ Kxf6 34. Rxa2 Rd3 35. Ra7 h6 36. Rh7 Kg6 37. Re7 Kf5 38. Rh7 Rxb3 39. Rxh6 e5 40. h4 e4 41. Rh5+ Kf6 42. g4 Rb2+ 43. Kg3 e3 44. Rf5+ Ke6 45. h5 e2 46. Kf2 Rb4 47. Rg5 Re4 48. Ke1 Kf6 49. Rg6+ Kf7 50. g5 Re5 51. Rf6+ Kg8 1/2-1/2

[Event "HUN-chT U18"]
[Site "Zalakaros"]
[Date "2018.07.27"]
[Round "3.3"]
[White "Bohus, Adam"]
[Black "Kokeny, Norbert Adrian"]
[Result "1/2-1/2"]
[WhiteElo "2246"]
[BlackElo "2250"]
[PlyCount "154"]
[EventDate "2018.07.26"]
[EventType "team-swiss"]
[EventRounds "7"]
[EventCountry "HUN"]
[SourceTitle "CBM 185 Extra"]
[Source "ChessBase"]
[SourceDate "2018.07.29"]
[SourceVersion "1"]
[SourceVersionDate "2018.07.29"]
[SourceQuality "1"]
[WhiteTeam "Geniusz Tata"]
[BlackTeam "Dunaharaszti"]
[WhiteTeamCountry "HUN"]
[BlackTeamCountry "HUN"]

1. d4 Nf6 2. c4 e6 3. Nf3 b6 4. g3 Bb7 5. Bg2 Bb4+ 6. Bd2 Qe7 7. 0-0 0-0 8. Nc3 Bxc3 9. Bxc3 Ne4 10. Qc2 Nxc3 11. Qxc3 d6 12. Qd3 f5 13. Ne1 Bxg2 14. Nxg2 Nd7 15. e4 Qf7 16. exf5 Qxf5 17. Qxf5 Rxf5 18. Nf4 Kf7 19. Rfe1 Re8 20. Re2 g5 21. Ng2 Kg6 22. Rae1 Rf6 23. h4 h6 24. hxg5 hxg5 25. f4 c6 26. fxg5 Kxg5 27. Nf4 e5 28. Kg2 Rh8 29. dxe5 Nxe5 30. Nh3+ Kg6 31. b3 Kg7 32. Rh1 Rfh6 33. Nf2 Rxh1 34. Nxh1 Kf6 35. Nf2 Kf5 36. Ne4 Rh6 37. Nd2 Ng4 38. Nf3 Ne5 39. Nxe5 dxe5 40. Kf3 Rg6 41. Rh2 e4+ 42. Kf2 Ke5 43. Rh7 a5 44. Rb7 Kd4 45. Rd7+ Kc3 46. Re7 Kd4 47. Rd7+ Kc5 48. Re7 Rg4 49. Rf7 Kb4 50. Rf4 e3+ 51. Kf3 e2 52. Kxe2 Rxg3 53. Rf6 Kc5 54. Rf5+ Kd4 55. Rf6 c5 56. Rxb6 Rg2+ 57. Kd1 Rxa2 58. Rb5 a4 59. bxa4 Rxa4 60. Rb3 Kxc4 61. Rh3 Ra2 62. Kc1 Kb4 63. Rg3 Rh2 64. Rf3 c4 65. Rg3 Rh1+ 66. Kc2 Rh2+ 67. Kc1 Ra2 68. Rh3 Ra5 69. Kc2 Rc5 70. Rg3 Rh5 71. Rf3 Rh4 72. Rg3 c3 73. Rg8 Rh2+ 74. Kc1 Rb2 75. Rb8+ Ka3 76. Rxb2 cxb2+ 77. Kb1 Kb3 1/2-1/2

[Event "HUN-chT U18"]
[Site "Zalakaros"]
[Date "2018.07.27"]
[Round "4.4"]
[White "Kokeny, Norbert Adrian"]
[Black "Polyik, Peter"]
[Result "1/2-1/2"]
[WhiteElo "2250"]
[BlackElo "2288"]
[PlyCount "58"]
[EventDate "2018.07.26"]
[EventType "team-swiss"]
[EventRounds "7"]
[EventCountry "HUN"]
[SourceTitle "CBM 185 Extra"]
[Source "ChessBase"]
[SourceDate "2018.07.29"]
[SourceVersion "1"]
[SourceVersionDate "2018.07.29"]
[SourceQuality "1"]
[WhiteTeam "Dunaharaszti"]
[BlackTeam "Kobanya Aquarena"]
[WhiteTeamCountry "HUN"]
[BlackTeamCountry "HUN"]

1. c4 e6 2. Nf3 d5 3. e3 Nf6 4. Nc3 c6 5. b3 Nbd7 6. Bb2 Bd6 7. Qc2 0-0 8. Rc1 Qe7 9. cxd5 exd5 10. d4 Re8 11. Nd2 Nf8 12. Bd3 Ne6 13. Ne2 Ng5 14. Ng3 Nge4 15. Bxe4 Nxe4 16. Ngxe4 dxe4 17. Nc4 Bc7 18. h4 Bf5 19. Qe2 Qe6 20. Qd2 Qg6 21. g3 Rad8 22. Na5 Bc8 23. Rc5 Rd5 24. Qc3 Red8 25. Ba3 Rxc5 26. Qxc5 Bd6 27. Qc1 Bc7 28. Qc5 Bd6 29. Qc1 Bc7 1/2-1/2

[Event "HUN-chT 1718"]
[Site "Hungary"]
[Date "2018.05.06"]
[Round "9.12"]
[White "Timko, Melinda"]
[Black "Kokeny, Norbert Adrian"]
[Result "1-0"]
[WhiteElo "2028"]
[BlackElo "2200"]
[PlyCount "89"]
[EventDate "2017.11.25"]
[EventType "team-tourn"]
[EventRounds "9"]
[EventCountry "HUN"]
[SourceTitle "EXT 2019"]
[Source "ChessBase"]
[SourceDate "2018.10.10"]
[SourceVersion "1"]
[SourceVersionDate "2018.10.10"]
[SourceQuality "1"]
[WhiteTeam "Husi"]
[BlackTeam "Dunaharaszti"]
[WhiteTeamCountry "HUN"]
[BlackTeamCountry "HUN"]

1. c4 c5 2. Nf3 Nc6 3. g3 g6 4. Bg2 Bg7 5. d3 e5 6. 0-0 Nge7 7. Nc3 a6 8. a3 Rb8 9. Qa4 d6 10. Rb1 Bd7 11. Qc2 b5 12. Ne4 Qc7 13. cxb5 axb5 14. Bg5 Ng8 15. b4 cxb4 16. axb4 h6 17. Be3 Nge7 18. Ra1 Rc8 19. Rfc1 Qb8 20. Qb1 f5 21. Nc3 Be6 22. Ra6 Nd4 23. Bxd4 exd4 24. Na2 0-0 25. Rc2 Nd5 26. Rcc6 Rxc6 27. Rxc6 Rc8 28. Qc2 Rxc6 29. Qxc6 Ne7 30. Qa6 Qc7 31. Ne1 Kh7 32. Kf1 Nc8 33. Qb7 Qd8 34. Nc1 Bd7 35. Nc2 Nb6 36. Nb3 Bc8 37. Qc6 Bd7 38. Qxd6 Qg8 39. Ncxd4 Bxd4 40. Nxd4 Qa2 41. Bf3 Qa7 42. Qe7+ Kh8 43. Qf8+ Kh7 44. Qf7+ Kh8 45. Kg2 1-0

[Event "HUN-chT 1718"]
[Site "Hungary"]
[Date "2018.05.05"]
[Round "8.12"]
[White "Kokeny, Norbert Adrian"]
[Black "Juhasz, Barbara"]
[Result "1/2-1/2"]
[WhiteElo "2200"]
[BlackElo "2190"]
[PlyCount "73"]
[EventDate "2017.11.25"]
[EventType "team-tourn"]
[EventRounds "9"]
[EventCountry "HUN"]
[SourceTitle "EXT 2019"]
[Source "ChessBase"]
[SourceDate "2018.10.10"]
[SourceVersion "1"]
[SourceVersionDate "2018.10.10"]
[SourceQuality "1"]
[WhiteTeam "Dunaharaszti"]
[BlackTeam "Mako Duocor"]
[WhiteTeamCountry "HUN"]
[BlackTeamCountry "HUN"]

1. Nf3 Nf6 2. g3 g6 3. b3 Bg7 4. Bb2 0-0 5. Bg2 d6 6. d4 c5 7. e3 Ne4 8. 0-0 Nc6 9. Nbd2 d5 10. Ne5 Nxe5 11. dxe5 Bf5 12. g4 Nxd2 13. Qxd2 Bxg4 14. Qxd5 Qxd5 15. Bxd5 Rab8 16. f3 Bf5 17. e4 Bd7 18. a4 Rfd8 19. Rfd1 Bh6 20. Bc1 Bxc1 21. Raxc1 e6 22. Bc4 Bc6 23. Kf2 Kf8 24. Ke3 Ke7 25. h4 Rxd1 26. Rxd1 Rd8 27. Rxd8 Kxd8 28. h5 g5 29. h6 Ke7 30. f4 gxf4+ 31. Kxf4 Kf8 32. Bd3 Ke7 33. Kg5 b6 34. Kf4 Kf8 35. c3 Ke7 36. Kg5 a5 37. c4 1/2-1/2

[Event "Budapest-chT1 Lilienthal 1718"]
[Site "Budapest"]
[Date "2018.03.18"]
[Round "12"]
[White "Kokeny, Norbert Adrian"]
[Black "Kormos, Andras"]
[Result "1-0"]
[WhiteElo "2194"]
[BlackElo "2109"]
[PlyCount "111"]
[EventDate "2017.10.01"]
[EventType "team-tourn"]
[EventRounds "13"]
[EventCountry "HUN"]
[SourceTitle "EXT 2021"]
[Source "ChessBase"]
[SourceDate "2020.10.23"]
[SourceVersion "1"]
[SourceVersionDate "2020.10.23"]
[SourceQuality "1"]
[WhiteTeam "Barcza GSC"]
[BlackTeam "Budapest EAC II"]
[WhiteTeamCountry "HUN"]
[BlackTeamCountry "HUN"]

1. c4 g6 2. Nc3 Bg7 3. g3 c5 4. Bg2 Nc6 5. e4 d6 6. Nge2 e5 7. a3 Be6 8. d3 Qd7 9. Nd5 Nge7 10. Bg5 Bxd5 11. exd5 Nd4 12. Nxd4 exd4 13. 0-0 0-0 14. Bh3 f5 15. Re1 Rae8 16. Qd2 Nc8 17. Bg2 Kh8 18. h4 h5 19. b4 b6 20. b5 Kh7 21. a4 Kh8 22. Ra2 Re5 23. Bf4 Re7 24. Rxe7 Qxe7 25. Ra1 Re8 26. Kf1 Kg8 27. Bf3 Kf7 28. a5 Bf6 29. axb6 axb6 30. Qd1 Kg7 31. Ra2 Qf7 32. Re2 Rxe2 33. Qxe2 Qe7 34. Bxh5 Bxh4 35. Bxg6 Qxe2+ 36. Kxe2 Bxg3 37. Bxg3 Kxg6 38. Kf3 Kg5 39. Bh2 Kf6 40. Bf4 Kg6 41. Kg3 Kh5 42. Kh3 Kg6 43. Kh4 Kf6 44. Kh5 Kg7 45. Kg5 Kf7 46. Bg3 Kg7 47. Kxf5 Kf7 48. Bh4 Na7 49. Bd8 Nc8 50. Bh4 Na7 51. Bg3 Nc8 52. Kg5 Kg7 53. f4 Kf7 54. f5 Kg7 55. f6+ Kf7 56. Kf5 1-0

[Event "Budapest-chT1 Lilienthal 1718"]
[Site "Budapest"]
[Date "2018.01.14"]
[Round "6"]
[White "Kokeny, Norbert Adrian"]
[Black "Mate, Balazs"]
[Result "1-0"]
[WhiteElo "2194"]
[BlackElo "2091"]
[PlyCount "205"]
[EventDate "2017.10.01"]
[EventType "team-tourn"]
[EventRounds "13"]
[EventCountry "HUN"]
[SourceTitle "EXT 2021"]
[Source "ChessBase"]
[SourceDate "2020.10.23"]
[SourceVersion "1"]
[SourceVersionDate "2020.10.23"]
[SourceQuality "1"]
[WhiteTeam "Barcza GSC"]
[BlackTeam "Mattolda"]
[WhiteTeamCountry "HUN"]
[BlackTeamCountry "HUN"]

1. c4 Nf6 2. Nc3 e5 3. e3 d5 4. cxd5 Nxd5 5. a3 Nc6 6. Qc2 Be7 7. Nf3 a6 8. b4 0-0 9. Bb2 Be6 10. Be2 f5 11. d3 Nxc3 12. Bxc3 Bf6 13. Rd1 Qe7 14. 0-0 Rad8 15. Qb2 Bd5 16. Rfe1 e4 17. dxe4 Bxe4 18. Bxf6 Qxf6 19. Qxf6 Rxf6 20. Rxd8+ Nxd8 21. Rd1 Rd6 22. Bc4+ Kh8 23. Rxd6 cxd6 24. Nd4 b5 25. Bb3 g6 26. f3 Bb7 27. Kf2 Kg7 28. Ke2 Kf6 29. Kd3 h6 30. Ne2 g5 31. Nc3 Ke5 32. Ne2 Kf6 33. Nd4 Ke5 34. g3 Kf6 35. Bd1 Bd5 36. e4 fxe4+ 37. fxe4 Bb7 38. Bb3 Ke5 39. Nf3+ Kf6 40. Ke3 Bc8 41. Bd5 Bd7 42. Kd4 Nc6+ 43. Bxc6 Bxc6 44. Ne1 Ke6 45. Nc2 h5 46. Ne3 Bb7 47. Ng2 Kf6 48. Ne1 Bc6 49. Nf3 Bb7 50. h4 gxh4 51. gxh4 Bc6 52. Ng5 Bd7 53. Kd5 Ke7 54. Nf3 Be8 55. Ne1 Kd7 56. Nd3 Bf7+ 57. Kd4 Kc7 58. Nf4 Kc6 59. Nd5 Kd7 60. Ne3 Kc6 61. Nf5 Kd7 62. e5 dxe5+ 63. Kxe5 Bb3 64. Ng3 Bd1 65. Kd5 Kc7 66. Kc5 Bf3 67. Nf5 Be2 68. Ne3 Kb7 69. Nd5 Bf3 70. Kd6 Be2 71. Nc7 Bf3 72. Nd5 Be2 73. Nf4 Bf3 74. Ke5 Kc6 75. Kf6 Kd6 76. Kg5 Ke5 77. Nxh5 Kd4 78. Nf6 Kc3 79. Ng4 Kb3 80. h5 Kxa3 81. h6 Be4 82. Ne5 Bh7 83. Nc6 Kb3 84. Kf6 Kc4 85. Kg7 Be4 86. Ne5+ Kxb4 87. Ng6 Ka3 88. h7 b4 89. h8Q Bxg6 90. Kxg6 Ka2 91. Qa8 b3 92. Qxa6+ Kb1 93. Qf1+ Ka2 94. Qd1 b2 95. Qa4+ Kb1 96. Kf5 Kc1 97. Qc4+ Kd1 98. Qb3+ Kc1 99. Qc3+ Kb1 100. Ke4 Ka2 101. Qc2 Ka1 102. Qa4+ Kb1 103. Kd3 1-0

[Event "HUN-chT 1718"]
[Site "Hungary"]
[Date "2017.12.17"]
[Round "4.12"]
[White "Szukics, Adam"]
[Black "Kokeny, Norbert Adrian"]
[Result "1/2-1/2"]
[WhiteElo "2061"]
[BlackElo "2200"]
[PlyCount "85"]
[EventDate "2017.11.25"]
[EventType "team-tourn"]
[EventRounds "9"]
[EventCountry "HUN"]
[SourceTitle "EXT 2019"]
[Source "ChessBase"]
[SourceDate "2018.10.10"]
[SourceVersion "1"]
[SourceVersionDate "2018.10.10"]
[SourceQuality "1"]
[WhiteTeam "HVSE Infraplan"]
[BlackTeam "Dunaharaszti"]
[WhiteTeamCountry "HUN"]
[BlackTeamCountry "HUN"]

1. e4 c5 2. Nf3 e6 3. g3 a6 4. Bg2 b5 5. 0-0 Bb7 6. Re1 Qc7 7. d4 cxd4 8. Nxd4 Nc6 9. Be3 Nf6 10. a4 b4 11. Nd2 Be7 12. b3 Nxd4 13. Bxd4 e5 14. Bb2 a5 15. Nc4 d6 16. Ne3 g6 17. Nd5 Nxd5 18. exd5 0-0 19. h4 Bf6 20. Rc1 Bg7 21. c4 Qc5 22. h5 f5 23. hxg6 hxg6 24. Rc2 Bh6 25. Bc1 Bxc1 26. Qxc1 f4 27. gxf4 Rxf4 28. Qe3 Rc8 29. Qxc5 Rxc5 30. Re4 Rf6 31. Rh4 Kg7 32. Be4 Bc8 33. f3 Bf5 34. Rch2 Rf8 35. Rh7+ Kf6 36. Kf2 Kg5 37. Ke3 Bxe4 38. Rg2+ Kf6 39. fxe4 Rcc8 40. Rf2+ Kg5 41. Rg2+ Kf6 42. Rf2+ Kg5 43. Rg2+ 1/2-1/2

[Event "Budapest Gyorgy Memorial 2nd"]
[Site "Budapest"]
[Date "2017.10.15"]
[Round "6.4"]
[White "Kokeny, Norbert Adrian"]
[Black "Damian, Marchel"]
[Result "1-0"]
[WhiteElo "2194"]
[BlackElo "1757"]
[PlyCount "65"]
[EventDate "2017.10.12"]
[EventType "swiss"]
[EventRounds "7"]
[EventCountry "HUN"]
[SourceTitle "EXT 2019"]
[Source "ChessBase"]
[SourceDate "2018.10.10"]
[SourceVersion "1"]
[SourceVersionDate "2018.10.10"]
[SourceQuality "1"]

1. d4 d5 2. Bf4 Bf5 3. e3 e6 4. Bd3 Bg6 5. Nf3 Nd7 6. h3 c5 7. c3 Bxd3 8. Qxd3 c4 9. Qc2 Ngf6 10. Nbd2 Be7 11. e4 h6 12. Bh2 0-0 13. 0-0 Re8 14. Rfe1 Rc8 15. e5 Nh7 16. Nf1 b5 17. N3d2 b4 18. f4 g6 19. Ne3 a5 20. Rf1 Nb6 21. g4 Kh8 22. Rae1 Rg8 23. Kh1 f5 24. exf6 Bxf6 25. Nf3 Qe7 26. f5 Nf8 27. Ne5 Qg7 28. fxg6 Rc7 29. Nf7+ Rxf7 30. gxf7 Qxf7 31. Rxf6 Qh7 32. Be5 Rg7 33. Rxf8+ 1-0

[Event "HUN-chT 1617"]
[Site "Hungary"]
[Date "2017.04.09"]
[Round "9.12"]
[White "Kokeny, Norbert Adrian"]
[Black "Papp, Tamas1111"]
[Result "1/2-1/2"]
[WhiteElo "2060"]
[BlackElo "2311"]
[PlyCount "41"]
[EventDate "2016.10.30"]
[EventType "team-tourn"]
[EventRounds "9"]
[EventCountry "HUN"]
[SourceTitle "EXT 2018"]
[Source "ChessBase"]
[SourceDate "2017.10.13"]
[SourceVersion "1"]
[SourceVersionDate "2017.10.13"]
[SourceQuality "1"]
[WhiteTeam "Dunaharaszti"]
[BlackTeam "Penzugyor"]
[WhiteTeamCountry "HUN"]
[BlackTeamCountry "HUN"]

1. c4 e6 2. Nc3 d5 3. cxd5 exd5 4. d4 c6 5. Nf3 Bd6 6. Bg5 Ne7 7. e3 f6 8. Bh4 Nf5 9. Bg3 Nxg3 10. hxg3 0-0 11. Bd3 g6 12. Qc2 f5 13. 0-0-0 b5 14. Ne2 a5 15. Nf4 Ra7 16. Rh6 Na6 17. Kb1 Nb4 18. Qe2 Rg7 19. a3 Nxd3 20. Nxd3 b4 21. a4 1/2-1/2